Delfíni /

Uložené v:
Podrobná bibliografia
Hlavní autori: Cousteau, Jacques-Yves, 1910-1997, Diolé, Philippe 1908-1977 (Author)
Ďalší autori: Jindrová-Špilarová, Alena (Translator)
Médium: Kniha
Jazyk:Czech
English
Vydané: Praha : Mladá fronta, 1979.
Vydanie:1. vyd.
Edícia:Kolumbus sv. 86
ISBN: (viaz.)
Fyzický popis: 208 s. : il., obr. príl. ; 17 cm.
Tagy: Pridať tag
Žiadne tagy, Buďte prvý kto otaguje tento záznam!

MARC

LEADER 00000nam a2200000 a 4500
001 000105607
005 20110625220206.0
008 040101s1979 xr e czeo
020 |a (viaz.)  |c Kčs 28,00 
040 |a SVKKK  |b slo  |c SVKKK  |e AACR2 
041 1 |a cze  |h eng 
044 |a xr  |c CZ 
100 1 |a Cousteau, Jacques-Yves,  |d 1910-1997. 
245 1 0 |a Delfíni /  |c Jacques Yves Cousteau, Philippe Diolé ; [z anglického originálu ... přeložila Alena Jindrová-Špilarová]. 
250 |a 1. vyd. 
260 |a Praha :  |b Mladá fronta,  |c 1979. 
300 |a 208 s. :  |b il., obr. príl. ;  |c 17 cm. 
366 |e 44000 výt. 
490 1 |a Kolumbus  |v sv. 86 
504 |a Bibliografia, bibliogr. odkazy 
700 1 |a Diolé, Philippe  |d 1908-1977  |4 aut 
700 1 |a Jindrová-Špilarová, Alena  |4 trl 
830 0 |a Kolumbus  |v sv. 86 
910 |a svkkk 
998 |a BK 
090 |g SCKHL  |k Sklad Hlavná 10 suterén  |a I.50437  |j 606151  |i 2720234916  |4 Multiplikát  |s Vyradená 
090 |g SCKHL  |k Sklad Hlavná 10 suterén  |a I.50438  |j 606152  |i 2720802100  |4 Multiplikát  |s Vyradená 
090 |g SCKHL  |k Sklad Hlavná 10 suterén  |a I.50439  |j 606153  |i 2720232340  |s Absenčne